| 000 | 00466nam a2200169Ia 4500 | ||
|---|---|---|---|
| 999 |
_c18919 _d18919 |
||
| 003 | OSt | ||
| 005 | 20201113113138.0 | ||
| 008 | 190216s9999||||xx |||||||||||||| ||und|| | ||
| 040 | _coclc | ||
| 082 |
_a820 _bHEM/A |
||
| 100 |
_aHem, Barua _96282 |
||
| 245 | 0 |
_aAssamese Literature / _cBarua Hem |
|
| 260 |
_bNational Book Trust India, _c1965. _aNew delhi: |
||
| 300 | _a281p | ||
| 650 | _aHistory | ||
| 942 |
_cBK _2ddc _h820 _iHEM/A _k820 _mHEM/A |
||